Organización y Administración : enfoque situacional

Bibliographic Details
Main Author: Dessler, Gary
Format: Section = Libro
Language:Undetermined
Spanish
Published: México Prentice Hall 1979
Subjects:
LEADER 00527nam a2200193Ia 4500
008 240829s9999 xx 000 0 und d
020 |a 968-880-070-8 
040 |a BIBLIOTECA-RUPAP 658.1 D475 
041 |a spa 
082 |a 658.1 D475 
100 1 |a Dessler, Gary 
245 1 0 |a Organización y Administración : enfoque situacional 
260 |a México  |b Prentice Hall  |c 1979 
300 |a 410 p. :il. 
650 7 |a ORGANIZACION DE EMPRESAS 
650 7 |b  ADMINISTRACION. I. Tít. 
942 |c BK  |2 ddc 
991 |a TEXTO 
999 |c 9998